| 000 | 00694nam a22002297a 4500 | ||
|---|---|---|---|
| 003 | dpl | ||
| 005 | 20180601135851.0 | ||
| 008 | 180601b xxu||||| |||| 00| 0 eng d | ||
| 010 | _aB-159586 | ||
| 020 |
_a8126017783 _c200.00 |
||
| 035 | _aB-159586 | ||
| 037 | _bBPPD/PUB | ||
| 040 | _c0 | ||
| 082 | 1 | 4 | _a882 |
| 100 | 1 | _aRangacharya, Adya | |
| 245 | 1 |
_aListen Janamejaya and other plays _cby Adya Rangacharya [edited] by G. S. Amur |
|
| 260 |
_aNew Delhi _bSahitya Akademi _c2005 |
||
| 270 |
_aRabindra Bhavan, 35, Ferozeshah Road, _bNew Delhi _e110001 |
||
| 300 |
_axxviii, 443p. _c22cm (Hb) |
||
| 700 | _aAmur, G. S. | ||
| 942 |
_adpl _cEN _k882 / RAN _2ddc _h882 _mRAN |
||
| 999 |
_c152487 _d152487 |
||